[Event "Is Bankasi Online Satranc Turn.13-14 Yas"]
[Site "T#645826Mustafa Kemal"]
[Date "2020.05.08"]
[Round "4"]
[White "Efesoganci12"]
[Black "Talhaherdem78"]
[Result "0-1"]
[WhiteElo "1530"]
[BlackElo "1586"]
[Annotator "NA RC"]
[PlyCount "124"]
[EventDate "2020.05.08"]
[EventType "swiss (blitz)"]

1. Nf3 {[%emt 0:00:06]} d5 {[%emt 0:00:02]} 2. g3 {[%emt 0:00:01]} Nf6 {[%emt 0:00:09]} 3. Bg2 {[%emt 0:00:02]} Bf5 {[%emt 0:00:05]} 4. e3 {[%emt 0:00:09]} e6 {[%emt 0:00:02]} 5. Nc3 {[%emt 0:00:03]} c5 {[%emt 0:00:05]} 6. b3 {[%emt 0:00:08]} Nc6 {[%emt 0:00:02]} 7. O-O {[%emt 0:00:11]} Bd6 {[%emt 0:00:11]} 8. Re1 {[%emt 0:00:06]} Qc7 {[%emt 0:00:07]} 9. Bb2 {[%emt 0:00:07]} a6 {[%emt 0:00:21]} 10. a4 {[%emt 0:00:08]} Bg4 {[%emt 0:00:18]} 11. Nb5 {[%emt 0:00:09]} axb5 {[%emt 0:00:13]} 12. axb5 {[%emt 0:00:04]} Rxa1 {[%emt 0:00:37]} 13. Qxa1 {[%emt 0:00:05]} Nb4 {[%emt 0:00:21]} 14. Qa8+ {[%emt 0:00:07]} Qb8 {[%emt 0:00:04]} 15. Qxb8+ {[%emt 0:00:03]} Bxb8 {[%emt 0:00:01]} 16. c3 {[%emt 0:00:03]} Nd3 {[%emt 0:00:02]} 17. Rb1 {[%emt 0:00:06]} Ne4 {[%emt 0:00:12]} 18. Ne1 {[%emt 0:00:14]} Nxe1 {[%emt 0:00:06]} 19. Rxe1 {[%emt 0:00:03]} O-O {[%emt 0:00:01]} 20. Bxe4 {[%emt 0:00:05]} dxe4 {[%emt 0:00:01]} 21. Kg2 {[%emt 0:00:07]} Rd8 {[%emt 0:00:01]} 22. h3 {[%emt 0:00:04]} b6 {[%emt 0:00:01]} 23. hxg4 {[%emt 0:00:03]} Rxd2 {[%emt 0:00:02]} 24. Bc1 {[%emt 0:00:05]} Rc2 {[%emt 0:00:01]} 25. Ba3 {[%emt 0:00:05]} Rxc3 {[%emt 0:00:02]} 26. Rd1 {[%emt 0:00:04]} Bc7 {[%emt 0:00:04]} 27. f3 {[%emt 0:00:14]} Rxb3 {[%emt 0:00:02]} 28. Rd7 {[%emt 0:00:07]} Rxa3 {[%emt 0:00:05]} 29. Rxc7 {[%emt 0:00:03]} g6 {[%emt 0:00:03]} 30. fxe4 {[%emt 0:00:07]} Rxe3 {[%emt 0:00:02]} 31. Rb7 {[%emt 0:00:05]} Rxe4 {[%emt 0:00:02]} 32. Rxb6 {[%emt 0:00:02]} Rxg4 {[%emt 0:00:02]} 33. Rc6 {[%emt 0:00:02]} Rc4 {[%emt 0:00:02]} 34. b6 {[%emt 0:00:03]} Rc2+ {[%emt 0:00:01]} 35. Kf3 {[%emt 0:00:06]} Kg7 {[%emt 0:00:02]} 36. b7 {[%emt 0:00:05]} Rb2 {[%emt 0:00:02]} 37. Rc7 {[%emt 0:00:10]} c4 {[%emt 0:00:01]} 38. Ke3 {[%emt 0:00:02]} c3 {[%emt 0:00:01]} 39. b8=Q {[%emt 0:00:06]} Rxb8 {[%emt 0:00:02]} 40. Rxc3 {[%emt 0:00:02]} f5 {[%emt 0:00:03]} 41. Kf3 {[%emt 0:00:04]} Kf6 {[%emt 0:00:01]} 42. Rd3 {[%emt 0:00:02]} Rb4 {[%emt 0:00:04]} 43. Rd7 {[%emt 0:00:02]} h5 {[%emt 0:00:03]} 44. Rd3 {[%emt 0:00:02]} Re4 {[%emt 0:00:05] Efesoganci12 beraberlik teklif ediyor} 45. Rd2 {[%emt 0:00:04]} Ke7 {[%emt 0:00:05]} 46. Rf2 {[%emt 0:00:05]} Rd4 {[%emt 0:00:03]} 47. Re2 {[%emt 0:00:02]} Kf6 {[%emt 0:00:03]} 48. Rf2 {[%emt 0:00:06]} e5 {[%emt 0:00:01]} 49. Re2 {[%emt 0:00:01]} e4+ {[%emt 0:00:03]} 50. Kf2 {[%emt 0:00:01]} Rd3 {[%emt 0:00:03]} 51. Kf1 {[%emt 0:00:03]} Rxg3 {[%emt 0:00:04]} 52. Kf2 {[%emt 0:00:02]} Rf3+ {[%emt 0:00:02]} 53. Ke1 {[%emt 0:00:03]} g5 {[%emt 0:00:02]} 54. Rf2 {[%emt 0:00:03]} Rxf2 {[%emt 0:00:03]} 55. Kxf2 {[%emt 0:00:01]} f4 {[%emt 0:00:01]} 56. Kf1 {[%emt 0:00:01]} Kf5 {[%emt 0:00:01]} 57. Kf2 {[%emt 0:00:01]} e3+ {[%emt 0:00:02]} 58. Kf1 {[%emt 0:00:01]} f3 {[%emt 0:00:02]} 59. Ke1 {[%emt 0:00:01]} g4 {[%emt 0:00:02]} 60. Kf1 {[%emt 0:00:01]} g3 {[%emt 0:00:01]} 61. Kg1 {[%emt 0:00:02]} e2 {[%emt 0:00:01]} 62. Kh1 {[%emt 0:00:05]} e1=Q# {[%emt 0:00:02] (Lag: Av=0.69s, max=3.6s)} 0-1

[Event "Is Bankasi Online Satranc Turn.13-14 Yas"]
[Site "T#645826Mustafa Kemal"]
[Date "2020.05.08"]
[Round "4"]
[White "Mustafakaratas16"]
[Black "Matveysmirnov08"]
[Result "0-1"]
[WhiteElo "1530"]
[BlackElo "1620"]
[Annotator "NA RC"]
[PlyCount "32"]
[EventDate "2020.05.08"]
[EventType "swiss (blitz)"]

1. e4 {[%emt 0:00:02]} e5 {[%emt 0:00:04]} 2. c3 {[%emt 0:00:01]} d5 {[%emt 0:00:02]} 3. f3 {[%emt 0:00:02]} dxe4 {[%emt 0:00:02]} 4. fxe4 {[%emt 0:00:01]} Qh4+ {[%emt 0:00:01]} 5. g3 {[%emt 0:00:06]} Qxe4+ {[%emt 0:00:00]} 6. Qe2 {[%emt 0:00:01]} Qxh1 {[%emt 0:00:00]} 7. Qxe5+ {[%emt 0:00:00]} Be6 {[%emt 0:00:01]} 8. Bh3 {[%emt 0:00:19]} Qxg1+ {[%emt 0:00:02]} 9. Ke2 {[%emt 0:00:01]} Bd6 {[%emt 0:00:02]} 10. Qb5+ {[%emt 0:00:04]} c6 {[%emt 0:00:02]} 11. Qd3 {[%emt 0:00:02]} Bxh3 {[%emt 0:00:03]} 12. b4 {[%emt 0:00:03]} Qxc1 {[%emt 0:00:01]} 13. a4 {[%emt 0:00:04]} Bf1+ {[%emt 0:00:02]} 14. Ke3 {[%emt 0:00:04]} Qe1+ {[%emt 0:00:00]} 15. Kd4 {[%emt 0:00:13]} Qe5+ {[%emt 0:00:02]} 16. Kc4 {[%emt 0:00:02]} Qd5# {[%emt 0:00:00] (Lag: Av=0.82s, max=2.3s)} 0-1

[Event "Is Bankasi Online Satranc Turn.13-14 Yas"]
[Site "T#645826Mustafa Kemal"]
[Date "2020.05.08"]
[Round "4"]
[White "beratkocu96"]
[Black "Egemustafaceli18"]
[Result "0-1"]
[WhiteElo "1530"]
[BlackElo "1620"]
[Annotator "NA RC"]
[PlyCount "130"]
[EventDate "2020.05.08"]
[EventType "swiss (blitz)"]

1. e4 {[%emt 0:00:04]} c5 {[%emt 0:00:02]} 2. Nc3 {[%emt 0:00:02]} e6 {[%emt 0:00:02]} 3. g3 {[%emt 0:00:01]} a6 {[%emt 0:00:01]} 4. Bg2 {[%emt 0:00:01]} Nc6 {[%emt 0:00:01]} 5. d3 {[%emt 0:00:01]} Qc7 {[%emt 0:00:01]} 6. f4 {[%emt 0:00:01]} Nf6 {[%emt 0:00:01]} 7. Nf3 {[%emt 0:00:01]} d6 {[%emt 0:00:01]} 8. O-O {[%emt 0:00:01]} b5 {[%emt 0:00:01]} 9. Be3 {[%emt 0:00:01]} Bb7 {[%emt 0:00:02]} 10. Qd2 {[%emt 0:00:01]} Be7 {[%emt 0:00:01]} 11. Rae1 {[%emt 0:00:04]} O-O {[%emt 0:00:04] beratkocu96 reconnected.} 12. e5 {[%emt 0:00:11]} Nd7 {[%emt 0:00:12]} 13. exd6 {[%emt 0:00:02]} Bxd6 {[%emt 0:00:01]} 14. Ne2 {[%emt 0:00:01]} Rad8 {[%emt 0:00:13]} 15. d4 {[%emt 0:00:02]} c4 {[%emt 0:00:04]} 16. c3 {[%emt 0:00:06]} Ne7 {[%emt 0:00:06]} 17. Ne5 {[%emt 0:00:04]} Bxg2 {[%emt 0:00:05]} 18. Kxg2 {[%emt 0:00:00]} Nd5 {[%emt 0:00:09]} 19. Qc1 {[%emt 0:00:06]} Qb7 {[%emt 0:00:04]} 20. Kg1 {[%emt 0:00:03]} N7f6 {[%emt 0:00:11]} 21. Kf2 {[%emt 0:00:18]} Bxe5 {[%emt 0:00:29]} 22. fxe5 {[%emt 0:00:14]} Ng4+ {[%emt 0:00:03]} 23. Kg1 {[%emt 0:00:13]} Ndxe3 {[%emt 0:00:12]} 24. Rf2 {[%emt 0:00:05]} Nxf2 {[%emt 0:00:08]} 25. Kxf2 {[%emt 0:00:00]} Ng4+ {[%emt 0:00:05]} 26. Kg1 {[%emt 0:00:02]} Qf3 {[%emt 0:00:09]} 27. Qf4 {[%emt 0:00:28]} Qxf4 {[%emt 0:00:03]} 28. Nxf4 {[%emt 0:00:00]} f6 {[%emt 0:00:03]} 29. Nxe6 {[%emt 0:00:02]} fxe5 {[%emt 0:00:05]} 30. Nxd8 {[%emt 0:00:02]} Rxd8 {[%emt 0:00:02]} 31. dxe5 {[%emt 0:00:02]} Rd2 {[%emt 0:00:07]} 32. h3 {[%emt 0:00:01]} Nh6 {[%emt 0:00:08]} 33. e6 {[%emt 0:00:05]} Kf8 {[%emt 0:00:02]} 34. e7+ {[%emt 0:00:01]} Ke8 {[%emt 0:00:02]} 35. Re6 {[%emt 0:00:01]} Rxb2 {[%emt 0:00:03]} 36. Rxa6 {[%emt 0:00:01]} Kxe7 {[%emt 0:00:03]} 37. Rb6 {[%emt 0:00:01]} Nf5 {[%emt 0:00:11]} 38. a4 {[%emt 0:00:02]} b4 {[%emt 0:00:13]} 39. cxb4 {[%emt 0:00:05]} c3 {[%emt 0:00:01]} 40. Rc6 {[%emt 0:00:08]} c2 {[%emt 0:00:01]} 41. b5 {[%emt 0:00:04]} Rb1+ {[%emt 0:00:01]} 42. Kf2 {[%emt 0:00:01]} c1=Q {[%emt 0:00:01]} 43. Rxc1 {[%emt 0:00:00]} Rxc1 {[%emt 0:00:01]} 44. Kf3 {[%emt 0:00:00]} Ra1 {[%emt 0:00:02]} 45. b6 {[%emt 0:00:02]} Rxa4 {[%emt 0:00:01]} 46. b7 {[%emt 0:00:02]} Rb4 {[%emt 0:00:01]} 47. b8=Q {[%emt 0:00:01]} Rxb8 {[%emt 0:00:01]} 48. Kg4 {[%emt 0:00:04]} Nh6+ {[%emt 0:00:02]} 49. Kg5 {[%emt 0:00:01]} Rb5+ {[%emt 0:00:02]} 50. Kf4 {[%emt 0:00:01]} Ke6 {[%emt 0:00:02]} 51. g4 {[%emt 0:00:01]} Rb3 {[%emt 0:00:03]} 52. Kg5 {[%emt 0:00:00]} Rxh3 {[%emt 0:00:04]} 53. Kf4 {[%emt 0:00:01]} Nxg4 {[%emt 0:00:02]} 54. Kxg4 {[%emt 0:00:01]} Rh1 {[%emt 0:00:01]} 55. Kg5 {[%emt 0:00:02]} h6+ {[%emt 0:00:03]} 56. Kg6 {[%emt 0:00:00]} Rg1+ {[%emt 0:00:02]} 57. Kh5 {[%emt 0:00:01]} g5 {[%emt 0:00:01]} 58. Kg6 {[%emt 0:00:00]} g4 {[%emt 0:00:01]} 59. Kxh6 {[%emt 0:00:00]} g3 {[%emt 0:00:01]} 60. Kh5 {[%emt 0:00:00]} g2 {[%emt 0:00:01]} 61. Kh4 {[%emt 0:00:00]} Rh1+ {[%emt 0:00:01]} 62. Kg3 {[%emt 0:00:01]} g1=Q+ {[%emt 0:00:00]} 63. Kf3 {[%emt 0:00:01]} Rh3+ {[%emt 0:00:02]} 64. Kf4 {[%emt 0:00:01]} Qg3+ {[%emt 0:00:02]} 65. Ke4 {[%emt 0:00:02]} Rh4# {[%emt 0:00:01] (Lag: Av=0.81s, max=4.1s)} 0-1

[Event "Is Bankasi Online Satranc Turn.13-14 Yas"]
[Site "T#645826Mustafa Kemal"]
[Date "2020.05.08"]
[Round "4"]
[White "Ardazengin04"]
[Black "Kadirefeermemi10"]
[Result "0-1"]
[WhiteElo "1528"]
[BlackElo "1571"]
[Annotator "NA RC"]
[PlyCount "86"]
[EventDate "2020.05.08"]
[EventType "swiss (blitz)"]

1. e4 {[%emt 0:00:06]} c5 {[%emt 0:00:02]} 2. Bc4 {[%emt 0:00:01]} e6 {[%emt 0:00:02]} 3. Nc3 {[%emt 0:00:01]} a6 {[%emt 0:00:03]} 4. a4 {[%emt 0:00:02]} b6 {[%emt 0:00:02]} 5. d3 {[%emt 0:00:01]} Bb7 {[%emt 0:00:01]} 6. f4 {[%emt 0:00:02]} d5 {[%emt 0:00:02]} 7. Ba2 {[%emt 0:00:07]} Nf6 {[%emt 0:00:04]} 8. e5 {[%emt 0:00:03]} Nfd7 {[%emt 0:00:02]} 9. Nf3 {[%emt 0:00:04]} Be7 {[%emt 0:00:01]} 10. Bd2 {[%emt 0:00:04]} O-O {[%emt 0:00:02]} 11. Ne2 {[%emt 0:00:24]} Nc6 {[%emt 0:00:03]} 12. c3 {[%emt 0:00:03]} Rc8 {[%emt 0:00:05]} 13. h4 {[%emt 0:00:39]} f6 {[%emt 0:00:13]} 14. exf6 {[%emt 0:00:11]} Nxf6 {[%emt 0:00:02]} 15. Ng5 {[%emt 0:00:12]} Qd7 {[%emt 0:00:09]} 16. h5 {[%emt 0:00:13]} h6 {[%emt 0:00:01]} 17. Nf3 {[%emt 0:00:07]} Bd6 {[%emt 0:00:03]} 18. Qc2 {[%emt 0:00:21]} Kh8 {[%emt 0:00:23]} 19. O-O-O {[%emt 0:00:08]} b5 {[%emt 0:00:01]} 20. axb5 {[%emt 0:00:04]} axb5 {[%emt 0:00:01]} 21. d4 {[%emt 0:00:08]} c4 {[%emt 0:00:02]} 22. Ne5 {[%emt 0:00:05]} Bxe5 {[%emt 0:00:14]} 23. fxe5 {[%emt 0:00:00]} Ne4 {[%emt 0:00:07]} 24. Bb1 {[%emt 0:00:21]} Na5 {[%emt 0:00:50]} 25. Ba2 {[%emt 0:00:13]} Ra8 {[%emt 0:00:03]} 26. Kb1 {[%emt 0:00:08]} Nc6 {[%emt 0:00:03]} 27. Rhf1 {[%emt 0:00:02]} Qc7 {[%emt 0:00:15]} 28. Rxf8+ {[%emt 0:00:02]} Rxf8 {[%emt 0:00:02]} 29. Nc1 {[%emt 0:00:01]} Ra8 {[%emt 0:00:09]} 30. Re1 {[%emt 0:00:01]} Qa5 {[%emt 0:00:10]} 31. Qd1 {[%emt 0:00:02]} Rf8 {[%emt 0:00:05]} 32. Be3 {[%emt 0:00:05]} Qd8 {[%emt 0:00:02]} 33. Qc2 {[%emt 0:00:01]} Qe7 {[%emt 0:00:05]} 34. Ne2 {[%emt 0:00:01]} Rf2 {[%emt 0:00:05]} 35. Qc1 {[%emt 0:00:02]} Rxg2 {[%emt 0:00:08]} 36. Bxh6 {[%emt 0:00:01]} gxh6 {[%emt 0:00:01]} 37. Qxh6+ {[%emt 0:00:02]} Qh7 {[%emt 0:00:01]} 38. Qf8+ {[%emt 0:00:01]} Rg8 {[%emt 0:00:02]} 39. Qd6 {[%emt 0:00:05]} Nxd6+ {[%emt 0:00:01]} 40. Kc1 {[%emt 0:00:05]} Ne4 {[%emt 0:00:01]} 41. Rh1 {[%emt 0:00:01]} Na5 {[%emt 0:00:02]} 42. h6 {[%emt 0:00:00]} Nb3+ {[%emt 0:00:02]} 43. Kc2 {[%emt 0:00:00]} Nf2# {[%emt 0:00:03] (Lag: Av=0.99s, max=2.7s)} 0-1

[Event "Is Bankasi Online Satranc Turn.13-14 Yas"]
[Site "T#645826Mustafa Kemal"]
[Date "2020.05.08"]
[Round "4"]
[White "Efekucuknane86"]
[Black "muhammedenisal44"]
[Result "1-0"]
[WhiteElo "1520"]
[BlackElo "1520"]
[Annotator "NA RC"]
[PlyCount "30"]
[EventDate "2020.05.08"]
[EventType "swiss (blitz)"]

1. e4 {[%emt 0:00:11]} e5 {[%emt 0:00:04]} 2. Nf3 {[%emt 0:00:01]} Nc6 {[%emt 0:00:02]} 3. Bb5 {[%emt 0:00:01]} Nge7 {[%emt 0:00:03]} 4. O-O {[%emt 0:00:05]} g6 {[%emt 0:00:01]} 5. c3 {[%emt 0:00:01]} Bg7 {[%emt 0:00:02]} 6. d4 {[%emt 0:00:11]} exd4 {[%emt 0:00:09]} 7. cxd4 {[%emt 0:00:00]} a6 {[%emt 0:00:04]} 8. Ba4 {[%emt 0:00:06]} b5 {[%emt 0:00:03]} 9. Bb3 {[%emt 0:00:03]} f5 {[%emt 0:00:05]} 10. Ng5 {[%emt 0:00:19]} d5 {[%emt 0:00:10]} 11. exd5 {[%emt 0:00:05]} Nxd5 {[%emt 0:00:04]} 12. Qe2+ {[%emt 0:00:05]} Nce7 {[%emt 0:00:10]} 13. Re1 {[%emt 0:00:14]} h6 {[%emt 0:00:29]} 14. Bxd5 {[%emt 0:00:08]} hxg5 {[%emt 0:00:06]} 15. Bxa8 {[%emt 0:00:03]} Bd7 {[%emt 0:00:09] muhammedenisal44 terk eder (Lag: Av=0.40s, max=0.5s)} 1-0

[Event "Is Bankasi Online Satranc Turn.13-14 Yas"]
[Site "T#645826Mustafa Kemal"]
[Date "2020.05.08"]
[Round "4"]
[White "Abdulkadircere34"]
[Black "Ertugrulsavcil46"]
[Result "0-1"]
[WhiteElo "1505"]
[BlackElo "1620"]
[Annotator "NA RC"]
[PlyCount "100"]
[EventDate "2020.05.08"]
[EventType "swiss (blitz)"]

1. d4 {[%emt 0:00:04]} d5 {[%emt 0:00:03]} 2. e3 {[%emt 0:00:01]} a6 {[%emt 0:00:08]} 3. c3 {[%emt 0:00:01]} Nf6 {[%emt 0:00:04]} 4. Nf3 {[%emt 0:00:03]} Nc6 {[%emt 0:00:03]} 5. Na3 {[%emt 0:00:04]} Bf5 {[%emt 0:00:03]} 6. Bd3 {[%emt 0:00:08]} e6 {[%emt 0:00:02]} 7. Qd2 {[%emt 0:00:00]} Bxa3 {[%emt 0:00:06]} 8. bxa3 {[%emt 0:00:03]} O-O {[%emt 0:00:02]} 9. Bxf5 {[%emt 0:00:02]} exf5 {[%emt 0:00:13]} 10. Ne5 {[%emt 0:00:02]} Nxe5 {[%emt 0:00:02]} 11. dxe5 {[%emt 0:00:02]} Ne4 {[%emt 0:00:02]} 12. Qd3 {[%emt 0:00:05]} Qh4 {[%emt 0:00:09]} 13. g3 {[%emt 0:00:03]} Qg5 {[%emt 0:00:12]} 14. h4 {[%emt 0:00:03]} Qg4 {[%emt 0:00:05]} 15. f3 {[%emt 0:00:05]} Qxf3 {[%emt 0:00:07]} 16. Rf1 {[%emt 0:00:02]} Qxg3+ {[%emt 0:00:03]} 17. Kd1 {[%emt 0:00:15]} Nf2+ {[%emt 0:00:07]} 18. Rxf2 {[%emt 0:00:05]} Qxf2 {[%emt 0:00:02]} 19. Qd2 {[%emt 0:00:02]} Qf1+ {[%emt 0:00:04]} 20. Qe1 {[%emt 0:00:02]} Qxe1+ {[%emt 0:00:03]} 21. Kxe1 {[%emt 0:00:02]} Rfe8 {[%emt 0:00:01]} 22. Rb1 {[%emt 0:00:09]} Ra7 {[%emt 0:00:06]} 23. a4 {[%emt 0:00:08]} Rxe5 {[%emt 0:00:03]} 24. Rb2 {[%emt 0:00:09]} h6 {[%emt 0:00:03]} 25. Re2 {[%emt 0:00:03]} f4 {[%emt 0:00:06]} 26. exf4 {[%emt 0:00:03]} Rxe2+ {[%emt 0:00:03]} 27. Kxe2 {[%emt 0:00:01]} c5 {[%emt 0:00:03]} 28. Be3 {[%emt 0:00:07]} b5 {[%emt 0:00:13]} 29. axb5 {[%emt 0:00:04]} axb5 {[%emt 0:00:02]} 30. Bxc5 {[%emt 0:00:02]} Rxa2+ {[%emt 0:00:03]} 31. Kd3 {[%emt 0:00:03]} Rh2 {[%emt 0:00:04]} 32. Kd4 {[%emt 0:00:05]} Rxh4 {[%emt 0:00:02]} 33. Ke5 {[%emt 0:00:06]} f6+ {[%emt 0:00:03]} 34. Kxd5 {[%emt 0:00:02]} Rxf4 {[%emt 0:00:03]} 35. Bb4 {[%emt 0:00:08]} Rf5+ {[%emt 0:00:03]} 36. Kc6 {[%emt 0:00:03]} h5 {[%emt 0:00:03]} 37. Bd6 {[%emt 0:00:07]} h4 {[%emt 0:00:02]} 38. Bc5 {[%emt 0:00:06]} h3 {[%emt 0:00:03]} 39. Bd6 {[%emt 0:00:02]} Kf7 {[%emt 0:00:04]} 40. Bc7 {[%emt 0:00:05]} Ke7 {[%emt 0:00:03]} 41. Bd6+ {[%emt 0:00:02]} Ke6 {[%emt 0:00:02]} 42. Bc7 {[%emt 0:00:02]} Rf3 {[%emt 0:00:02]} 43. Kxb5 {[%emt 0:00:07]} Rxc3 {[%emt 0:00:03]} 44. Kb6 {[%emt 0:00:04]} Rxc7 {[%emt 0:00:04]} 45. Kxc7 {[%emt 0:00:01]} h2 {[%emt 0:00:01]} 46. Kd8 {[%emt 0:00:04]} h1=Q {[%emt 0:00:01]} 47. Kc7 {[%emt 0:00:01]} Qd5 {[%emt 0:00:05]} 48. Kb8 {[%emt 0:00:03]} Qb5+ {[%emt 0:00:07]} 49. Kc8 {[%emt 0:00:01]} Kd6 {[%emt 0:00:06]} 50. Kd8 {[%emt 0:00:02]} Qd7# {[%emt 0:00:22] (Lag: Av=0.42s, max=1.1s)} 0-1

[Event "Is Bankasi Online Satranc Turn.13-14 Yas"]
[Site "T#645826Mustafa Kemal"]
[Date "2020.05.08"]
[Round "4"]
[White "Eralpcetin82"]
[Black "Dorukulker32"]
[Result "0-1"]
[WhiteElo "1505"]
[BlackElo "1564"]
[Annotator "NA RC"]
[PlyCount "142"]
[EventDate "2020.05.08"]
[EventType "swiss (blitz)"]

1. e4 {[%emt 0:00:02]} c5 {[%emt 0:00:01]} 2. Nf3 {[%emt 0:00:02]} e6 {[%emt 0:00:01]} 3. d4 {[%emt 0:00:02]} cxd4 {[%emt 0:00:01]} 4. Nxd4 {[%emt 0:00:02]} a6 {[%emt 0:00:01]} 5. Nc3 {[%emt 0:00:03]} b5 {[%emt 0:00:02]} 6. Be3 {[%emt 0:00:04]} Bb7 {[%emt 0:00:02]} 7. Bd3 {[%emt 0:00:08]} d6 {[%emt 0:00:03]} 8. O-O {[%emt 0:00:02]} Nf6 {[%emt 0:00:02]} 9. f3 {[%emt 0:00:12]} Nbd7 {[%emt 0:00:03]} 10. Kh1 {[%emt 0:00:05]} Be7 {[%emt 0:00:02]} 11. Qd2 {[%emt 0:00:03]} Qc7 {[%emt 0:00:04]} 12. Nde2 {[%emt 0:00:04]} O-O {[%emt 0:00:10]} 13. Ng3 {[%emt 0:00:04]} Rfd8 {[%emt 0:00:08]} 14. f4 {[%emt 0:00:02]} d5 {[%emt 0:00:05]} 15. exd5 {[%emt 0:00:01]} Nxd5 {[%emt 0:00:03]} 16. Nxd5 {[%emt 0:00:02]} Bxd5 {[%emt 0:00:02]} 17. Be4 {[%emt 0:00:06]} Bxe4 {[%emt 0:00:21]} 18. Nxe4 {[%emt 0:00:02]} Nf6 {[%emt 0:00:01]} 19. Nxf6+ {[%emt 0:00:05]} Bxf6 {[%emt 0:00:01]} 20. Qc1 {[%emt 0:00:13]} Rac8 {[%emt 0:00:03]} 21. c3 {[%emt 0:00:02]} Qc4 {[%emt 0:00:10]} 22. Qc2 {[%emt 0:00:05]} b4 {[%emt 0:00:09]} 23. Rfc1 {[%emt 0:00:11]} bxc3 {[%emt 0:00:05]} 24. bxc3 {[%emt 0:00:01]} Qxc3 {[%emt 0:00:04]} 25. Qxc3 {[%emt 0:00:02]} Rxc3 {[%emt 0:00:04]} 26. Rxc3 {[%emt 0:00:02]} Bxc3 {[%emt 0:00:02]} 27. Rc1 {[%emt 0:00:02]} Rd3 {[%emt 0:00:08]} 28. Bg1 {[%emt 0:00:15]} h6 {[%emt 0:00:03]} 29. g3 {[%emt 0:00:02]} Bb2 {[%emt 0:00:14]} 30. Rc2 {[%emt 0:00:03]} Bf6 {[%emt 0:00:03]} 31. Kg2 {[%emt 0:00:03]} Ra3 {[%emt 0:00:06]} 32. Bc5 {[%emt 0:00:04]} Ra5 {[%emt 0:00:06]} 33. Bb4 {[%emt 0:00:02]} Rb5 {[%emt 0:00:03]} 34. Be1 {[%emt 0:00:06]} Rb2 {[%emt 0:00:20]} 35. Rxb2 {[%emt 0:00:06]} Bxb2 {[%emt 0:00:02]} 36. Kf3 {[%emt 0:00:02]} Kf8 {[%emt 0:00:02]} 37. Ke4 {[%emt 0:00:01]} Ke7 {[%emt 0:00:02]} 38. Kd3 {[%emt 0:00:02]} Kd6 {[%emt 0:00:02]} 39. Kc4 {[%emt 0:00:03]} Kc6 {[%emt 0:00:02]} 40. Kb4 {[%emt 0:00:03]} Kb6 {[%emt 0:00:19]} 41. Bf2+ {[%emt 0:00:02]} Kb7 {[%emt 0:00:23]} 42. Ka5 {[%emt 0:00:02]} Bc3+ {[%emt 0:00:04]} 43. Ka4 {[%emt 0:00:04]} Kc6 {[%emt 0:00:02]} 44. Kb3 {[%emt 0:00:04]} Bd2 {[%emt 0:00:06]} 45. Ka4 {[%emt 0:00:02]} Kd5 {[%emt 0:00:05]} 46. Kb3 {[%emt 0:00:11]} Ke4 {[%emt 0:00:09]} 47. Kc2 {[%emt 0:00:02]} Ba5 {[%emt 0:00:03]} 48. a4 {[%emt 0:00:14]} Kf3 {[%emt 0:00:04]} 49. Bd4 {[%emt 0:00:02]} f6 {[%emt 0:00:02]} 50. Kd3 {[%emt 0:00:05]} Kg2 {[%emt 0:00:05]} 51. Kc4 {[%emt 0:00:03]} Kxh2 {[%emt 0:00:04]} 52. g4 {[%emt 0:00:02]} Kg3 {[%emt 0:00:04]} 53. Kc5 {[%emt 0:00:02]} Kxf4 {[%emt 0:00:05]} 54. Kc6 {[%emt 0:00:01]} Kxg4 {[%emt 0:00:02]} 55. Bb6 {[%emt 0:00:01]} Be1 {[%emt 0:00:03]} 56. Kb7 {[%emt 0:00:03]} a5 {[%emt 0:00:02]} 57. Ka6 {[%emt 0:00:01]} h5 {[%emt 0:00:03]} 58. Bxa5 {[%emt 0:00:01]} Bxa5 {[%emt 0:00:02]} 59. Kxa5 {[%emt 0:00:00]} h4 {[%emt 0:00:00]} 60. Kb6 {[%emt 0:00:01]} h3 {[%emt 0:00:01]} 61. a5 {[%emt 0:00:00]} h2 {[%emt 0:00:01]} 62. a6 {[%emt 0:00:00]} h1=Q {[%emt 0:00:01]} 63. a7 {[%emt 0:00:01]} Kf5 {[%emt 0:00:01]} 64. Kc7 {[%emt 0:00:05]} Qa8 {[%emt 0:00:02]} 65. Kb6 {[%emt 0:00:01]} Qxa7+ {[%emt 0:00:01]} 66. Kxa7 {[%emt 0:00:01]} e5 {[%emt 0:00:00]} 67. Kb6 {[%emt 0:00:01]} e4 {[%emt 0:00:00]} 68. Kc5 {[%emt 0:00:00]} e3 {[%emt 0:00:00]} 69. Kd4 {[%emt 0:00:01]} e2 {[%emt 0:00:00]} 70. Kd3 {[%emt 0:00:00]} e1=Q {[%emt 0:00:00]} 71. Kd4 {[%emt 0:00:01]} Kf4 {[%emt 0:00:01] Eralpcetin82 terk eder (Lag: Av=0.47s, max=1.5s)} 0-1